[Event "SRB-chT 1st League Women 2018"]
[Site "Zajecar"]
[Date "2018.08.31"]
[Round "1"]
[White "Kovacevic, Radmila"]
[Black "Petrovic, Danijela"]
[Result "0-1"]
[WhiteElo "2144"]
[BlackElo "1996"]
[Annotator "RC"]
[PlyCount "104"]
[EventDate "2018.08.31"]
[EventType "team-tourn"]
[EventCountry "SRB"]
[SourceTitle "playchess.com"]
[Source "ChessBase"]
[SourceQuality "1"]
[TimeControl "40/5400+30:1800+30"]

1. e4 {[%emt 0:00:00]} c6 {[%emt 0:00:00]} 2. d3 {[%emt 0:00:00]} d5 {[%emt 0:00:10]} 3. Qe2 {[%emt 0:00:21]} dxe4 {[%emt 0:01:07]} 4. dxe4 {[%emt 0:00:17]} e5 {[%emt 0:02:22]} 5. f4 {[%emt 0:03:32]} Nf6 {[%emt 0:03:40]} 6. Nc3 {[%emt 0:07:49]} Qb6 {[%emt 0:05:27]} 7. f5 {[%emt 0:07:28]} Bb4 {[%emt 0:05:09]} 8. Bd2 {[%emt 0:00:28]} O-O {[%emt 0:05:34]} 9. a3 {[%emt 0:08:48]} Bxc3 {[%emt 0:18:49]} 10. Bxc3 {[%emt 0:08:45]} Nbd7 {[%emt 0:00:25]} 11. g4 {[%emt 0:00:57]} Nc5 {[%emt 0:01:50]} 12. Bg2 {[%emt 0:00:31]} Na4 {[%emt 0:00:33]} 13. g5 {[%emt 0:22:03]} Nxc3 {[%emt 0:09:09]} 14. bxc3 {[%emt 0:00:19]} Nd7 {[%emt 0:00:45]} 15. Nh3 {[%emt 0:02:50]} Nc5 {[%emt 0:01:58]} 16. Nf2 {[%emt 0:02:37]} Qb2 {[%emt 0:03:40]} 17. O-O {[%emt 0:00:12]} Qxc3 {[%emt 0:01:34]} 18. Rad1 {[%emt 0:00:53]} b6 {[%emt 0:01:33]} 19. Qh5 {[%emt 0:06:29]} Ba6 {[%emt 0:04:25]} 20. Ng4 {[%emt 0:15:12]} Bxf1 {[%emt 0:04:03]} 21. Rxf1 {[%emt 0:00:39]} Rad8 {[%emt 0:01:43]} 22. Rf3 {[%emt 0:07:09]} Rd1+ {[%emt 0:07:12]} 23. Bf1 {[%emt 0:00:05]} Qd4+ {[%emt 0:01:00]} 24. Kg2 {[%emt 0:00:30]} Rd2+ {[%emt 0:00:33]} 25. Kh3 {[%emt 0:03:00]} Qxe4 {[%emt 0:05:32]} 26. Bg2 {[%emt 0:00:15]} Qxc2 {[%emt 0:01:10]} 27. f6 {[%emt 0:01:12]} Qg6 {[%emt 0:01:26]} 28. Qh4 {[%emt 0:00:30]} Ne4 {[%emt 0:01:18]} 29. Qe1 {[%emt 0:01:01]} Qh5+ {[%emt 0:00:43]} 30. Qh4 {[%emt 0:00:04]} Nxg5+ {[%emt 0:00:15]} 31. Kg3 {[%emt 0:00:08]} Qxh4+ {[%emt 0:00:12]} 32. Kxh4 {[%emt 0:00:05]} Nxf3+ {[%emt 0:00:07]} 33. Bxf3 {[%emt 0:00:03]} Rfd8 {[%emt 0:00:55]} 34. Bxc6 {[%emt 0:00:17]} gxf6 {[%emt 0:00:31]} 35. a4 {[%emt 0:00:44]} Kg7 {[%emt 0:00:21]} 36. Kh5 {[%emt 0:01:02]} a6 {[%emt 0:00:21]} 37. h4 {[%emt 0:00:18]} R2d4 {[%emt 0:00:28]} 38. Ne3 {[%emt 0:01:41]} Rf4 {[%emt 0:00:20]} 39. Ng2 {[%emt 0:00:18]} Rc4 {[%emt 0:00:13]} 40. Bb7 {[%emt 0:00:00]} Rxa4 {[%emt 0:00:00]} 41. Ne3 {[%emt 0:01:13]} b5 {[%emt 0:01:54]} 42. Bc6 {[%emt 0:01:56]} Ra3 {[%emt 0:00:27]} 43. Nf5+ {[%emt 0:00:11]} Kf8 {[%emt 0:00:14]} 44. Kh6 {[%emt 0:00:15]} b4 {[%emt 0:00:14]} 45. Kxh7 {[%emt 0:00:15]} b3 {[%emt 0:00:12]} 46. h5 {[%emt 0:00:42]} b2 {[%emt 0:00:27]} 47. Be4 {[%emt 0:00:04]} Rad3 {[%emt 0:00:30]} 48. h6 {[%emt 0:00:41]} b1=Q {[%emt 0:00:52]} 49. Kh8 {[%emt 0:00:08]} Qg1 {[%emt 0:00:52]} 50. h7 {[%emt 0:00:10]} Rg3 {[%emt 0:02:09]} 51. Bg2 {[%emt 0:02:01]} Rxg2 {[%emt 0:00:44]} 52. Ne7 {[%emt 0:00:19]} Kxe7# {[%emt 0:00:51]} 0-1

[Event "SRB-chT 1st League Women 2018"]
[Site "Zajecar"]
[Date "2018.08.31"]
[Round "1"]
[White "Rakic, Teodora"]
[Black "Arsovic, Jelena"]
[Result "1/2-1/2"]
[WhiteElo "2052"]
[BlackElo "2034"]
[Annotator "NA RC"]
[PlyCount "93"]
[EventDate "2018.08.31"]
[EventType "team-tourn"]
[EventCountry "SRB"]
[SourceTitle "playchess.com"]
[Source "ChessBase"]
[SourceQuality "1"]
[TimeControl "40/5400+30:1800+30"]

1. d4 {[%emt 0:00:00]} d5 {[%emt 0:00:00]} 2. c4 {[%emt 0:00:00]} dxc4 {[%emt 0:00:00]} 3. Nf3 {[%emt 0:00:00]} Nf6 {[%emt 0:00:14]} 4. e3 {[%emt 0:00:38]} g6 {[%emt 0:01:13]} 5. Bxc4 {[%emt 0:00:45]} Bg7 {[%emt 0:00:14]} 6. Nc3 {[%emt 0:01:06]} O-O {[%emt 0:01:42]} 7. O-O {[%emt 0:00:54]} c5 {[%emt 0:02:06]} 8. dxc5 {[%emt 0:20:48]} Qa5 {[%emt 0:03:10] D94: Grünfeldindisch (Geschlossenes System)} 9. Nb5 {[%emt 0:13:05] LiveBook: 5 Games} Ne4 {[%emt 0:06:59]} 10. Qd5 {[%emt 0:10:53]} a6 {[%emt 0:18:19]} 11. Qxe4 {[%emt 0:06:07]} axb5 {[%emt 0:00:04]} 12. Bd5 {[%emt 0:01:55]} e6 {[%emt 0:18:45]} 13. Bb3 {[%emt 0:03:32]} ({Reject} 13. Bxb7 f5 $17) 13... Nd7 $146 {[%emt 0:03:29]} ({Vorgänger:} 13... Na6 14. Bd2 Nxc5 15. Qc2 Qb6 16. Bb4 Nxb3 17. axb3 Rxa1 18. Rxa1 {½-½ (53) Murshed,N (2520)-Ramesh,R (2330) Madras 1995}) 14. Qc2 {[%emt 0:10:03]} Qc7 {[%emt 0:07:13]} 15. Bd2 {[%emt 0:02:33]} Qxc5 {[%emt 0:03:10]} 16. Rac1 {[%emt 0:06:54]} Qxc2 {[%emt 0:03:33]} 17. Rxc2 {[%emt 0:00:08]} Nb6 {[%emt 0:00:40]} 18. Bc3 {[%emt 0:02:42]} Bd7 {[%emt 0:03:22]} (18... Bxc3 $11 19. Rxc3 Bd7) 19. Bxg7 {[%emt 0:00:41]} Kxg7 {[%emt 0:00:05]} 20. Ne5 {[%emt 0:01:10]} Rfc8 {[%emt 0:03:34]} 21. Nxd7 {[%emt 0:01:34]} Nxd7 {[%emt 0:01:57]} 22. Rfc1 {[%emt 0:00:19]} Rxc2 {[%emt 0:01:02]} 23. Rxc2 {[%emt 0:00:10]} Nb6 {[%emt 0:00:52]} 24. Kf1 {[%emt 0:04:33]} Rc8 {[%emt 0:02:56]} 25. Rxc8 {[%emt 0:00:35]} Nxc8 {[%emt 0:00:01]} 26. Ke2 {[%emt 0:00:58]} Kf6 {[%emt 0:00:35]} 27. Kd3 {[%emt 0:00:50]} Ke5 {[%emt 0:01:04]} 28. f4+ {[%emt 0:01:46]} Kd6 {[%emt 0:00:34]} 29. e4 {[%emt 0:00:49]} f6 {[%emt 0:03:33]} 30. Kd4 {[%emt 0:03:00]} e5+ {[%emt 0:00:34]} 31. fxe5+ {[%emt 0:00:04]} fxe5+ {[%emt 0:00:06]} 32. Kd3 {[%emt 0:03:16]} Ne7 {[%emt 0:01:02]} 33. a3 {[%emt 0:02:25]} h6 {[%emt 0:04:17]} 34. Bf7 {[%emt 0:02:03]} Kd7 {[%emt 0:02:13]} 35. g3 {[%emt 0:00:31]} g5 {[%emt 0:00:51]} 36. Ke3 {[%emt 0:00:34]} Nc8 {[%emt 0:02:20]} 37. Bd5 {[%emt 0:00:20]} Nd6 {[%emt 0:00:52]} 38. Kd3 {[%emt 0:00:39]} Kc7 {[%emt 0:01:28]} 39. b3 {[%emt 0:00:17]} Ne8 {[%emt 0:00:59]} 40. Be6 {[%emt 0:00:00]} Nf6 {[%emt 0:00:00]} 41. Bh3 {[%emt 0:09:31]} Kd6 {[%emt 0:04:21]} 42. Bf1 {[%emt 0:03:39]} Kc5 {[%emt 0:02:02]} 43. Be2 {[%emt 0:01:40]} Kc6 {[%emt 0:08:43]} 44. Bf3 {[%emt 0:01:09]} Kc5 {[%emt 0:00:30]} 45. Kc3 {[%emt 0:01:10]} b6 {[%emt 0:06:15]} 46. Bg2 {[%emt 0:04:13]} Ng4 $11 {[%emt 0:01:42]} 47. h4 {[%emt 0:08:51] Kc4+} 1/2-1/2

[Event "SRB-chT 1st League Women 2018"]
[Site "Zajecar"]
[Date "2018.08.31"]
[Round "1"]
[White "Gajcin, Jasmina"]
[Black "Blagojevic, Tijana"]
[Result "0-1"]
[WhiteElo "1910"]
[BlackElo "2232"]
[Annotator "TA"]
[PlyCount "56"]
[EventDate "2018.08.31"]
[EventType "team-tourn"]
[EventCountry "SRB"]
[SourceTitle "playchess.com"]
[Source "ChessBase"]
[SourceQuality "1"]

{[%evp 14,56,22,14,17,11,12,13,13,0,10,10,37,14,6,0,0,0,10,0,0,0,0,-12,47,-69,-67,-282,-274,-456,-433,-436,-425,-419,-444,-432,-336,-377,-341,-552,-539,-670,-657,-929,-866]} 1. e4 e5 2. Nf3 Nc6 3. Bc4 Bc5 4. c3 Nf6 5. d3 a6 6. O-O d6 7. Bb3 Ba7 8. Re1 {LiveBook: 318 Partien} Ng4 {C54: Italienische Partie (Hauptvariante)} (8... O-O 9. h3 h6 10. Nbd2 Re8 11. Nf1 Be6 12. Bc2 d5 13. Qe2 dxe4 14. dxe4 Qe7 15. Ng3 Rad8 16. Nh4 Qf8 17. Nhf5 Ne7 18. Ne3 Ng6 19. Ngf5 Nf4 {½-½ (38) Giri,A (2752)-Carlsen,M (2834) Wijk aan Zee 2018}) 9. Re2 O-O 10. h3 Nf6 {Die Stellung ist ausgeglichen.} 11. Nbd2 {[%cal Bb1d2,Bd2f1,Bf1g3,Bg3f5][%mdl 32]} Re8 12. Nf1 Be6 13. Ng3 h6 $146 ({Vorgänger:} 13... d5 14. Bg5 {1-0 (51) Pasztor,B (1825)-Kanli,A (1470) Prague 2016}) 14. d4 {[#] Und weiter mit d5 wäre nett.} Bxb3 15. axb3 exd4 16. cxd4 d5 {[%cal Rd5e4]} 17. e5 Ne4 18. Nf5 f6 (18... Ne7 $11 19. N3h4 Nxf5 20. Nxf5 Qc8 21. Rxe4 Qxf5) 19. Bf4 (19. Bxh6 $14 gxh6 20. N3h4) 19... fxe5 $15 20. Nxe5 $2 (20. dxe5 $15 Bb6 21. g4) 20... Qf6 $19 21. g4 $2 {[#]} (21. Nxg7 Qxg7 22. Nxc6 bxc6 23. Be3) 21... Nxd4 $1 {[%mdl 512]} 22. Nxd4 {Schwarz muss nun Sf5 beachten.} Qxf4 23. Nd3 Qf6 24. Nf5 Rad8 25. Qc2 c6 26. b4 $2 (26. Kg2) 26... g6 {Schwarz steht klar auf Gewinn.} 27. Nxh6+ Kg7 28. Qc1 Qf3 {Precision: Weiß = 23%, Schwarz = 71%.} 0-1

[Event "SRB-chT 1st League Women 2018"]
[Site "Zajecar"]
[Date "2018.09.01"]
[Round "2"]
[White "Zimina, Olga"]
[Black "Atalik, Ekaterina"]
[Result "1/2-1/2"]
[WhiteElo "2421"]
[BlackElo "2447"]
[Annotator "TA"]
[PlyCount "74"]
[EventDate "2018.08.31"]
[EventType "team-tourn"]
[EventCountry "SRB"]
[SourceTitle "playchess.com"]
[Source "ChessBase"]
[SourceQuality "1"]

{[%evp 17,74,22,50,11,23,10,31,17,16,0,33,37,52,10,25,0,13,22,28,52,63,53,139,143,137,143,127,116,144,73,89,78,81,66,159,170,140,132,123,0,0,0,0,0,0,0,0,0,0,0,0,0,0,0,0,0,0,0,412]} 1. Nf3 d5 2. g3 Nf6 3. Bg2 Nbd7 4. c4 (4. O-O e5 5. d3 Bd6 6. Nc3 c6 7. e4 h6 8. Nh4 Nb6 9. a4 Bg4 10. Bf3 Be6 11. a5 Nbd7 12. a6 b6 13. d4 O-O 14. exd5 cxd5 15. dxe5 Nxe5 {½-½ (108) Naroditsky,D (2619)-Boruchovsky,A (2542) chess.com INT 2018}) 4... dxc4 5. Qa4 g6 6. Qxc4 {A07: Réti Opening: New York and Capablanca Systems} Bg7 7. O-O O-O 8. d3 Nb6 9. Qc2 c6 {LiveBook: 4 Games} 10. a3 Nfd5 $146 ({Predecessor:} 10... Re8 11. Bg5 e5 12. Nc3 h6 13. Bxf6 Bxf6 14. Ne4 {1-0 (114) Vypkhaniuk,I (2357)-Lach,D (1734) Krakow 2018}) 11. Nbd2 e5 12. Ne4 Qe7 13. Bd2 f5 14. Nc5 f4 15. e4 Nc7 $1 16. a4 {Black must now prevent Bb4.} g5 17. h3 g4 18. hxg4 Bxg4 19. Bb4 $36 {[%mdl 2048] White is more active.} Nc8 (19... Rf7 $14) 20. Qc4+ $16 Qf7 21. Nxb7 Qxc4 22. dxc4 Re8 23. Nd6 (23. Na5 $142) 23... Nxd6 24. Bxd6 Ne6 25. c5 Bxf3 ({Black should try} 25... a5 $14) 26. Bxf3 Nd4 27. Bh5 Re6 28. gxf4 (28. b4 $16) 28... Rh6 $1 $11 {[%cal Rh6h5] The position is equal.} 29. Bd1 Rg6+ 30. Kh2 {[#] Hoping for f5.} Rh6+ 31. Kg2 Rg6+ 32. Kh2 {Strongly threatening f5.} Rh6+ 33. Kg2 Rg6+ 34. Kh3 Rh6+ $1 35. Kg3 {[#] aiming for f5.} Rg6+ 36. Kh3 {f5 is the strong threat.} Rh6+ $1 37. Kg2 {Threatens to win with f5.} Bf8 $2 {[%mdl 40960] Precision: White = 34%, Black = 49%. . An unexpected result.} (37... Rg6+ $11 {and Black has nothing to worry.} 38. Kh3) 1/2-1/2

[Event "SRB-chT 1st League Women 2018"]
[Site "Zajecar"]
[Date "2018.09.01"]
[Round "2"]
[White "Bojkovic, Natasa"]
[Black "Ambartsumova, Karina"]
[Result "1/2-1/2"]
[WhiteElo "2384"]
[BlackElo "2386"]
[Annotator "TA"]
[PlyCount "28"]
[EventDate "2018.08.31"]
[EventType "team-tourn"]
[EventCountry "SRB"]
[SourceTitle "playchess.com"]
[Source "ChessBase"]
[SourceQuality "1"]

{[%evp 19,28,8,19,14,28,18,27,5,6,10,3]} 1. e4 e5 2. Nf3 Nc6 3. Bb5 Nf6 4. d3 d6 5. c3 Bd7 6. O-O g6 7. Be3 {C65: Ruy Lopez: Berlin Defence (3...Nf6), unusual lines and 4 0-0 Bc5} Bg7 8. Nbd2 O-O 9. h3 Re8 10. Ba4 h6 {LiveBook: 3 Games} 11. Bb3 $146 ({Predecessor:} 11. Bc2 d5 12. Re1 Be6 13. Ba4 Nd7 14. Nb3 Qe7 15. Bxc6 bxc6 16. Na5 c5 17. Qa4 {½-½ (17) Alekseev,E (2698)-Aleksandrov,A (2586) St Petersburg 2013}) 11... Be6 12. Bxe6 Rxe6 13. b4 d5 14. Qb3 b6 1/2-1/2

[Event "SRB-chT 1st League Women 2018"]
[Site "Zajecar"]
[Date "2018.09.01"]
[Round "2"]
[White "Velikic, Adela"]
[Black "Kovacevic, Radmila"]
[Result "1/2-1/2"]
[WhiteElo "2339"]
[BlackElo "2144"]
[Annotator "TA"]
[PlyCount "125"]
[EventDate "2018.08.31"]
[EventType "team-tourn"]
[EventCountry "SRB"]
[SourceTitle "playchess.com"]
[Source "ChessBase"]
[SourceQuality "1"]

{[%evp 11,125,35,34,33,41,-14,-18,-12,15,12,5,12,11,14,17,0,0,0,0,0,0,-9,40,49,46,51,58,10,10,17,18,0,0,2,19,-14,0,0,0,0,0,0,0,-8,0,0,0,0,17,20,118,118,112,131,130,124,117,117,127,110,93,52,160,160,162,162,162,160,243,230,226,259,247,113,132,132,132,113,113,88,88,88,88,88,104,104,104,104,116,88,88,0,88,88,88,88,88,0,0,0,0,0,0,0,0,0,0,0,0,0,0,0,0,0,0,-8]} 1. e4 g6 2. d4 Bg7 3. Nc3 d5 4. Nxd5 c6 5. Ne3 Qxd4 6. Qxd4 {B06: Modern Defence} Bxd4 {LiveBook: 13 Games} 7. Nc4 $146 ({Predecessor:} 7. f4 Nf6 8. Bd3 Nbd7 9. Nf3 Bb6 10. e5 Nd5 11. Nxd5 cxd5 {1-0 (69) Shomoev,A (2553)-Ponkratov,P (2595) Cheliabinsk 2016}) 7... Bg7 8. Nf3 (8. c3 $14) 8... Nf6 $11 9. Bd3 Nbd7 10. Be3 Ng4 11. Bd4 Bxd4 12. Nxd4 Nge5 13. Nxe5 Nxe5 14. f4 Nxd3+ 15. cxd3 O-O 16. Ke2 e5 17. fxe5 Re8 18. Nf3 $1 Bg4 19. Ke3 Bxf3 $1 20. gxf3 Rxe5 {[%mdl 4096] Endgame KRR-KRR} 21. Rac1 Ra5 22. a3 Re8 23. Rhd1 Ree5 24. d4 Rh5 25. Rd2 Kf8 26. Rc3 Ke8 27. b4 Rab5 28. Rc5 Rhxc5 29. dxc5 {KR-KR} b6 30. cxb6 axb6 (30... Rxb6 $11 31. Kd4 Rb5) 31. Rd6 $16 Rh5 32. Rxc6 Rxh2 33. Rxb6 Ra2 34. Ra6 h5 35. Kf4 Rb2 36. Kg5 Rg2+ (36... Ke7 $1 $14) 37. Kf6 Rf2 38. Ra8+ Kd7 39. Ra7+ Kc6 (39... Ke8 $16 {was necessary.}) 40. Kxf7 $18 Rxf3+ 41. Kxg6 h4 42. a4 (42. Kg5 $18 {and White stays clearly on top.}) 42... h3 {intending ...Rf4.} 43. Rh7 {Strongly threatening b5+.} Rf4 44. Rxh3 Rxe4 45. Rb3 Kb6 46. Kf5 Rh4 47. Ke5 Rg4 48. Kd5 Rh4 49. Rb1 Rg4 50. a5+ Kb5 51. Ra1 (51. Rb3 $16) 51... Rg5+ (51... Rh4 $1 $11 {remains equal.}) 52. Kd4 Rg4+ 53. Ke5 {[#] Hoping for a6.} Ka6 54. b5+ (54. Rb1 $16) 54... Kxb5 $11 {The position is equal.} 55. a6 {[%cal Ba5a6,Ba6a7][%mdl 32]} Rg5+ 56. Kf6 Rg8 57. a7 Ra8 58. Ke6 {[#] Kd6 is the strong threat.} Kb6 59. Kd6 {White threatens Rb1+ and mate.} Rd8+ 60. Ke7 Ra8 61. Kd7 Rxa7+ 62. Rxa7 Kxa7 63. Kc6 {Precision: White = 47%, Black = 64%.} 1/2-1/2

[Event "SRB-chT 1st League Women 2018"]
[Site "Zajecar"]
[Date "2018.09.01"]
[Round "2"]
[White "Belenkaya, Dina"]
[Black "Nechaeva, Marina"]
[Result "1-0"]
[WhiteElo "2287"]
[BlackElo "2419"]
[Annotator "TA"]
[PlyCount "37"]
[EventDate "2018.08.31"]
[EventType "team-tourn"]
[EventCountry "SRB"]
[SourceTitle "playchess.com"]
[Source "ChessBase"]
[SourceQuality "1"]

{[%evp 22,37,25,16,24,17,22,17,29,-16,0,0,0,0,0,0,0,0]} 1. e4 c6 2. d4 d5 3. Nc3 {[%cal Bb1c3,Bc3e4,Be4g3][%mdl 32]} dxe4 4. Nxe4 Bf5 5. Ng3 Bg6 6. Nf3 Nd7 7. Bd3 e6 8. O-O Ngf6 9. c4 Bd6 10. Re1 O-O 11. Bxg6 hxg6 12. b3 {LiveBook: 3 Games. B18: Classical Caro-Kann: 4...Bf5 sidelines} c5 (12... b5 13. Bg5 bxc4 14. bxc4 Qc7 15. Qd2 Rfe8 16. c5 Bxg3 17. hxg3 Nd5 18. Bf4 Nxf4 19. Qxf4 {½-½ (19) Bodiroga,P (2325)-Epishin,V (2549) Nova Gorica 2016}) 13. Bb2 Qc7 14. dxc5 Bxc5 15. Ne5 $146 ({Predecessor:} 15. Qc2 Rfd8 16. Ne4 Nxe4 17. Qxe4 {½-½ (17) Spassky,B-Karpov,A Leningrad (Russia) 1974}) 15... Rad8 {The position is equal.} 16. Qf3 Nxe5 17. Bxe5 Qc6 18. Qxc6 bxc6 19. Bc3 {[%mdl 32768] Loss on Time!?} 1-0

[Event "SRB-chT 1st League Women 2018"]
[Site "Zajecar"]
[Date "2018.09.01"]
[Round "2"]
[White "Chelushkina, Irina"]
[Black "Maksimovic, Suzana"]
[Result "1-0"]
[WhiteElo "2280"]
[BlackElo "2166"]
[Annotator "TA"]
[PlyCount "77"]
[EventDate "2018.08.31"]
[EventType "team-tourn"]
[EventCountry "SRB"]
[SourceTitle "playchess.com"]
[Source "ChessBase"]
[SourceQuality "1"]

{[%evp 13,77,7,6,-23,25,8,15,33,33,29,49,39,58,22,48,30,89,109,96,95,101,95,101,101,108,102,110,108,135,114,123,112,127,123,132,121,144,139,153,142,243,257,431,429,411,394,635,629,767,745,772,740,1392,1385,1450,1458,1363,1302,1261,1002,997,983,952,906,1178,1132]} 1. g3 e5 2. c4 c6 3. d4 e4 4. Nc3 Nf6 5. Bg2 d5 6. cxd5 {A20: English Opening: 1...e5} (6. Bg5 Bb4 7. Qb3 Bxc3+ 8. Qxc3 O-O 9. f3 dxc4 10. Bxf6 Qxf6 11. fxe4 c5 12. e5 cxd4 13. exf6 dxc3 14. fxg7 {½-½ (40) McShane,L (2647)-Anand,V (2783) Germany 2018}) 6... cxd5 7. f3 Bb4 {LiveBook: 7 Games} 8. Bd2 {[%cal Rf3e4] The position is equal.} (8. Nh3 {keeps more tension.} exf3 9. exf3 O-O 10. O-O Re8 11. Re1) 8... Nc6 (8... O-O {looks sharper.} 9. fxe4 Bxc3 10. Bxc3 Nxe4 11. Nf3 Re8) 9. fxe4 $146 {[%cal Rc3d5]} ({Predecessor:} 9. e3 O-O 10. fxe4 dxe4 11. Nge2 Re8 12. O-O Bg4 13. h3 Bh5 14. Qb3 Bxe2 15. Rxf6 Qxf6 16. Nxe4 Rxe4 17. Bxb4 Ree8 18. Bc5 b6 19. Ba3 Rac8 20. Re1 Na5 {0-1 (20) Costa,V (1916)-Oset Teixidor,G (1930) Barcelona 2015}) 9... Bxc3 10. Bxc3 Nxe4 11. Bxe4 dxe4 12. d5 Ne7 13. Qa4+ ({Much weaker is} 13. Bxg7 $6 Rg8 $11) 13... Qd7 14. Qxe4 Qxd5 (14... O-O $11 {remains equal.}) 15. Qxd5 $16 Nxd5 16. Bxg7 Rg8 17. Bd4 Nb4 {[#] And now ...Nc2+ would win.} 18. Kf2 Be6 19. a3 Nc6 20. Nf3 O-O-O 21. Bf6 Rd5 22. Bc3 Rf5 23. Rhe1 Rg4 24. h3 Rg8 25. g4 Rc5 26. Rac1 {b4 is the strong threat.} h5 (26... f5 $16) 27. b4 $18 {[%cal Bb2b4,Bb4b5][%mdl 32]} Rd5 $2 (27... hxg4 {was called for.} 28. bxc5 gxf3 29. exf3 Bxh3) 28. e4 Rd7 29. b5 Ne7 $2 (29... hxg4 30. bxc6 Rd3) 30. gxh5 {White is clearly winning.} Bxh3 {[#]} 31. Ng5 $1 {[%mdl 512]} Bg4 (31... Rxg5 32. Bf6+) 32. h6 Ng6 33. h7 {Bf6+ would kill now.} Re8 34. Be5+ Kd8 35. Bf6+ Ree7 36. Nxf7+ Ke8 37. h8=Q+ Nxh8 38. Nxh8 Rd2+ 39. Ke3 {Precision: White = 83%, Black = 24%.} 1-0

[Event "SRB-chT 1st League Women 2018"]
[Site "Zajecar"]
[Date "2018.09.01"]
[Round "2"]
[White "Eric, Jovana"]
[Black "Rakic, Teodora"]
[Result "1-0"]
[WhiteElo "2261"]
[BlackElo "2052"]
[Annotator "TA"]
[PlyCount "67"]
[EventDate "2018.08.31"]
[EventType "team-tourn"]
[EventCountry "SRB"]
[SourceTitle "playchess.com"]
[Source "ChessBase"]
[SourceQuality "1"]

{[%evp 12,67,16,2,29,31,50,55,55,12,34,26,63,71,123,130,131,133,126,127,231,198,274,220,226,202,372,356,1091,1087,1054,1037,5581,5581,1877,1565,1470,1445,5606,5606,29993,29994,29994,29995,29995,29996,29996,29997,29997,29996,29996,29994,29994,29995,29995,29996,29996,29997]} 1. e4 g6 2. d4 d6 3. Nc3 Bg7 4. Be3 a6 5. Nf3 Nf6 6. Bd3 O-O 7. h3 {LiveBook: 88 Games} b6 {B08: Pirc Defence: Classical System} (7... b5 8. e5 dxe5 9. dxe5 Nd5 10. Bd2 Bb7 11. Ne4 Nd7 12. e6 f5 13. exd7 fxe4 14. Bxe4 Bxb2 15. O-O Bxa1 16. Qxa1 Qxd7 {½-½ (25) Fressinet,L (2662)-Sethuraman,S (2629) Sharjah 2017}) 8. Qd2 Bb7 9. Bh6 c5 $146 {White is slightly better.} ({Predecessor:} 9... e6 10. Bxg7 Kxg7 11. O-O-O c5 12. d5 e5 13. Rde1 b5 14. g4 Nbd7 15. Rhg1 c4 16. Be2 Nc5 17. Bd1 b4 18. Ne2 c3 19. bxc3 Nfxe4 20. Qe3 Qa5 21. Nxe5 Qxa2 {0-1 (21) Wikstrom,B-Belli Pino,M (2384) Dos Hermanas 2003}) 10. Bxg7 Kxg7 11. O-O-O c4 12. Bxc4 Nxe4 ({Black should play} 12... b5) 13. Nxe4 $16 Bxe4 {[#]} 14. Ng5 $1 $36 {[%cal Bf3g5,Bg5e4,Be4c5][%mdl 2080] Hoping for Bxf7. White has strong initiative.} d5 15. Nxe4 dxc4 (15... dxe4 $16 16. Rhe1 b5) 16. d5 b5 (16... Nd7 $142 17. Qd4+ Kg8) 17. Qc3+ Kg8 18. d6 {Threatens to win with dxe7.} f5 $2 (18... Nd7 {might work better.} 19. f4 e6) 19. Nc5 $18 {Black must now prevent Ne6.} Rf6 $2 (19... exd6 20. Ne6 Qf6) 20. dxe7 Qxe7 21. Rhe1 Qf7 22. Rd8+ Kg7 23. Ne6+ Kh6 24. Rf8 Qxf8 25. Nxf8 Rxf8 26. Re7 {White mates.} Nc6 27. Qg7+ Kg5 {[#]} 28. h4+ $1 {[%mdl 512]} Kxh4 29. Qh6+ Kg4 {[#]} 30. f4 $1 {[%csl Gf4][%cal Rh6g5][%mdl 512]} Kg3 31. Qg5+ Kf2 32. Qh4+ Kxg2 33. Re3 Rfe8 34. Rg3+ {Precision: White = 89%, Black = 18%.} 1-0

[Event "SRB-chT 1st League Women 2018"]
[Site "Zajecar"]
[Date "2018.09.01"]
[Round "2"]
[White "Manakova, Maria"]
[Black "Nestorovic, Irena"]
[Result "1-0"]
[WhiteElo "2242"]
[BlackElo "2005"]
[Annotator "TA"]
[PlyCount "57"]
[EventDate "2018.08.31"]
[EventType "team-tourn"]
[EventCountry "SRB"]
[SourceTitle "playchess.com"]
[Source "ChessBase"]
[SourceQuality "1"]

{[%evp 22,57,81,86,116,116,116,116,104,106,129,128,140,147,149,145,141,142,143,139,173,183,173,158,260,252,238,131,184,192,258,258,254,250,1683,1595,2141,1429]} 1. c4 e5 2. Nc3 Nf6 3. g3 d5 4. cxd5 Nxd5 5. Bg2 Be6 6. Nf3 Nc6 7. O-O Be7 8. d4 exd4 9. Nxd4 Nxd4 10. Qxd4 Nxc3 11. Qxc3 {A29: English Opening: Four Knights Variation with 4 g3} Bf6 (11... O-O 12. Bxb7 Rb8 13. Bg2 Bf6 14. Qa5 Bxb2 15. Bxb2 Rxb2 16. Qxa7 Bc4 17. Rfc1 Bxe2 18. Qxc7 Qd2 19. a4 Bf3 20. Qc5 Bxg2 21. Kxg2 g6 22. a5 Rd8 23. Rd1 {1-0 (23) Krysa,L (2523)-Bove,A (2308) Spilimbergo 2018}) 12. Qb4 {LiveBook: 3 Games} Bc8 13. Bxb7 $146 {White is better.} ({Predecessor:} 13. Bf4 a5 14. Qe4+ Qe7 15. Qxe7+ Kxe7 16. Bxc7 Re8 17. Rfd1 Ra6 18. Rd2 Kf8 {0-1 (31) Kout,Z (2139)-Prachar,J (2008) Prague 2004}) 13... Bxb7 14. Qxb7 O-O 15. Rb1 {[%cal Ba1b1,Bb1b2,Bb2c2,Bc2c5,Bc5h5][%mdl 32]} Qe7 16. Be3 Rab8 17. Qc6 Rfd8 18. b3 Bd4 19. Bxd4 Rxd4 20. Rb2 h5 21. Rc2 Rd7 22. h4 Rb6 (22... Rbd8 $16 23. Rfc1 g6) 23. Qa8+ $18 Kh7 24. Qf3 (24. Qxa7 $18 {And now Rxc7! would win.} Rbd6 25. Qc5) 24... Qe5 (24... g6 $16 {was necessary.} 25. Rfc1 Rf6) 25. Rfc1 Rf6 (25... Re6 {was worth a try.} 26. Qb7 Qd4) 26. Rc5 Rd1+ {[#]} 27. Kg2 $1 Qd4 $2 (27... Rxf3 28. Rxe5 Rxg3+ 29. fxg3 Rxc1 30. Rxh5+ Kg6) 28. Rxh5+ Kg6 29. Rxd1 {Precision: White = 79%, Black = 19%.} 1-0